|
|
|
|
| LEADER |
00000cam a2200000 i 4500 |
| 001 |
1/94114 |
| 008 |
080918s1957 gre d |
| 035 |
|
|
|l 10100256
|
| 040 |
|
|
|a GR-MY-UA
|b gre
|e aacr
|
| 041 |
0 |
|
|a gre
|
| 082 |
0 |
|
|a 889.334
|2 (22)
|
| 100 |
1 |
|
|a Ξεφλούδας, Στέλιος,
|d 1902-1984.
|
| 245 |
1 |
0 |
|a Οδυσσέας χωρίς Ιθάκη /
|c Στέλιου Ξεφλούδα
|
| 260 |
|
|
|a Αθήνα :
|b Δίφρος,
|c 1957
|
| 300 |
|
|
|a 117 σ.;
|c 22 εκ.
|
| 500 |
|
|
|a Στο εξώφυλλο, υπό του τίτλου: "Μυθιστόρημα"
|
| 650 |
0 |
0 |
|a Greek literature, Modern
|y 20th century.
|
| 650 |
0 |
0 |
|a Greek fiction, Modern
|y 20th century.
|
| 852 |
|
|
|a INST
|b RHODES
|c AKA
|e 20080918
|h 889.334 ΞΕΦ
|p 005400028333
|q 005400028333
|t BK
|y 0
|
| 901 |
|
|
|a BIBL4-2008-3
|
| 909 |
|
|
|a Ρ
|b 152989
|
| 970 |
|
|
|a ΧΑΡΙΟΠΟΛΙΤΟΥ
|b ΚΩΝΣΤΑΝΤΙΝΑ
|z 2008/09/18
|